| 000 | 00432nam a22001577a 4500 | ||
|---|---|---|---|
| 020 | _a978-81-19443-23-9 | ||
| 082 |
_aM 894.8 _bSIS/D |
||
| 100 | _aSisupalan K. | ||
| 245 |
_aDravida kavyasasthravum thinnasidhantavum/ _cby Sisupalan K. |
||
| 250 | _a2nd ed. | ||
| 260 |
_aKozhikode: _bPavanatma Publishers Pvt. Ltd., _c2023. |
||
| 300 | _a296p. | ||
| 650 | _aTholkappiyam- Study | ||
| 650 | _aDravidian Literature | ||
| 942 | _cBK | ||
| 999 |
_c181796 _d181796 |
||